000 00673nam a2200229Ia 4500
005 20250508163820.0
008 008 250505s9999 xx 000 0 eng d
020 _a0-8039-6689-X
037 _aReference
040 _aFEDL
_beng
_cFEDL
041 _aeng
_2eng
084 _a001.42, PIA/RR
_qFEDL
100 _aPiantanida Maria
_921371
245 0 _aQualitative dissertation: A guide for students and faculty
260 _aCalifornia, USA
_bCorwin Press
_c1999
300 _axviii,273p.
365 _aUSD
_b34.95
650 _aResearch methods
700 _a Garman Noreen B
_9776433
942 _cREF
_h001.42, PIA/RR
999 _c1385416
_d1385416